The accuracy of preliminary cost estimates in Public Works Department (PWD) of Peninsular Malaysia /
Saved in:
| Main Author: | |
|---|---|
| Format: | Thesis Book |
| Language: | English |
| Published: |
2012.
|
| Subjects: | |
| Online Access: | http://studentsrepo.um.edu.my/id/eprint/3587 |
| Tags: |
Add Tag
No Tags, Be the first to tag this record!
|
| LEADER | 01209cam a2200289 a 4500 | ||
|---|---|---|---|
| 001 | u860171 | ||
| 003 | SIRSI | ||
| 005 | 201207100848 | ||
| 008 | 120710s2012 my a t 000 0 eng m | ||
| 040 | |a UMAB |d AUM |e rda | ||
| 043 | |a a-my--- | ||
| 097 | |a TH145 |b UM 2012 Mohaa | ||
| 100 | 0 | |a Mohd Azrai Azman. | |
| 245 | 1 | 4 | |a The accuracy of preliminary cost estimates in Public Works Department (PWD) of Peninsular Malaysia / |c Mohd Azrai bin Azman. |
| 260 | |c 2012. | ||
| 300 | |a xvi, 301 leaves : |b ill. ; |c 30 cm. | ||
| 502 | |a Dissertation (M.Sc. (Building)) -- Jabatan Ukur Bahan, Fakulti Alam Bina, Universiti Malaya, 2012. | ||
| 504 | |a Bibliography: leaves 267-286. | ||
| 530 | |a Also issued in CD. | ||
| 650 | 0 | |a Public buildings |x Estimates |z Malaysia. | |
| 650 | 0 | |a Public works |z Malaysia |x Design and construction |x Costs. | |
| 710 | 2 | 0 | |a Universiti Malaya. |b Jabatan Ukur Bahan. |
| 856 | 4 | 1 | |u http://studentsrepo.um.edu.my/id/eprint/3587 |
| 900 | |a MZAR-ZA | ||
| 596 | |a 11 25 | ||
| 999 | |a TH145 UM 2012 MOHAA |w LC |c 1 |i A515049689 |d 3/3/2015 |f 3/3/2015 |g 1 |l STACKS |m P11ALMBINA |r Y |s Y |t TESIS |u 3/3/2015 | ||
| 999 | |a TH145 UM 2012 MOHAA |w LC |c 1 |i A515049658 |d 22/10/2018 |l STACKS |m P25UMARCHI |q 1 |r Y |s Y |t CD |u 22/10/2018 |1 STEM | ||
